[Event "Norrkoeping Easter op"]
[Site "Norrkoeping"]
[Date "2024.03.31"]
[Round "6"]
[White "Bjorkeroth, Johan"]
[Black "Bjorkman, Filip"]
[Result "1-0"]
[WhiteElo "2133"]
[BlackElo "2080"]
[PlyCount "139"]
[EventDate "2024.03.29"]
[EventType "swiss"]
[EventRounds "8"]
[EventCountry "SWE"]
[SourceTitle "CB14_2024"]
[SourceDate "2024.04.01"]
[SourceVersion "1"]
[SourceVersionDate "2024.04.01"]
[SourceQuality "1"]

1. Nf3 Nf6 2. c4 g6 3. Nc3 Bg7 4. e4 e5 5. Nxe5 0-0 6. d4 d6 7. Nf3 Nxe4 8. Nxe4 Re8 9. Be3 Rxe4 10. Bd3 Re8 11. 0-0 Nc6 12. Qd2 Bg4 13. Be2 d5 14. h3 Bxf3 15. Bxf3 dxc4 16. Rfd1 Qd6 17. Rac1 Nxd4 18. Bxd4 Bxd4 19. Rxc4 c5 20. b4 Qe6 21. Rc2 Rad8 22. bxc5 Qf6 23. Qc1 Re7 24. Qb1 Rde8 25. Qb4 Rd7 26. Rb1 Ree7 27. Qa4 b6 28. c6 Rc7 29. Rd1 Bc5 30. Qc4 Kg7 31. Re2 Rxe2 32. Qxe2 Rxc6 33. Bxc6 Qxc6 34. Qe5+ Qf6 35. Qe2 a5 36. Rc1 Qf4 37. Rf1 Bd6 38. g3 Qf6 39. Rc1 Bc5 40. Rc2 Qd4 41. Rd2 Qf6 42. Kg2 Qc6+ 43. Qf3 Qe6 44. Qc3+ Qf6 45. Qc4 Qc6+ 46. Rd5 Qf6 47. Qe2 Qc6 48. Qe4 Qf6 49. Rd2 Bb4 50. Rc2 Bc5 51. f4 Qa1 52. Qe5+ Qxe5 53. fxe5 Bd4 54. Re2 Kf8 55. Kf3 Ke7 56. Ke4 Bc5 57. Kd5 h5 58. g4 hxg4 59. hxg4 Bg1 60. Rc2 Bc5 61. Rh2 Be3 62. a4 Bc5 63. Rh7 Kf8 64. Rh8+ Kg7 65. Rc8 f5 66. Rc7+ Kf8 67. gxf5 gxf5 68. Ke6 f4 69. Rf7+ Ke8 70. Rxf4 1-0

[Event "Norrkoeping Easter op"]
[Site "Norrkoeping"]
[Date "2024.03.30"]
[Round "4"]
[White "Bjorkeroth, Johan"]
[Black "Ostlund, Joar"]
[Result "0-1"]
[WhiteElo "2133"]
[BlackElo "2317"]
[PlyCount "126"]
[EventDate "2024.03.29"]
[EventType "swiss"]
[EventRounds "8"]
[EventCountry "SWE"]
[SourceTitle "CB14_2024"]
[SourceDate "2024.04.01"]
[SourceVersion "1"]
[SourceVersionDate "2024.04.01"]
[SourceQuality "1"]

1. e4 e5 2. Nf3 Nc6 3. Bc4 Bc5 4. c3 Nf6 5. d3 d6 6. 0-0 a5 7. Re1 0-0 8. h3 Be6 9. Bb5 Ba7 10. Be3 Bxe3 11. Rxe3 Ne7 12. d4 c6 13. Bf1 Ng6 14. Nbd2 a4 15. Qc2 Qc7 16. Ree1 b5 17. Red1 Rfb8 18. c4 bxc4 19. dxe5 dxe5 20. Bxc4 Nf4 21. Bxe6 Nxe6 22. Nc4 Rb5 23. Rac1 Nd7 24. Qe2 Rab8 25. Rd2 f6 26. Nd6 Rb4 27. a3 Rb3 28. Qc4 Ndf8 29. Rcc2 Kh8 30. Qxa4 c5 31. Qc4 g6 32. Qd5 Qe7 33. a4 Rxf3 34. gxf3 Nd4 35. Rxd4 cxd4 36. Nb5 Ne6 37. Rc6 Nf4 38. Qd6 Qxd6 39. Rxd6 Kg7 40. Kf1 Nd3 41. b3 Nc5 42. Rd5 Nxb3 43. f4 exf4 44. Nxd4 Nd2+ 45. Kg2 Nxe4 46. Ne6+ Kh6 47. Nxf4 Rb4 48. Ne6 Rxa4 49. Rd4 Rxd4 50. Nxd4 Kg5 51. Ne6+ Kf5 52. Nd4+ Ke5 53. Ne2 Nc5 54. Kf3 Ne6 55. Ke3 g5 56. Ng1 Nd4 57. Kd3 f5 58. Ke3 h6 59. f3 h5 60. Kd3 Ne6 61. Ke3 Nf4 62. h4 gxh4 63. Kf2 Kd4 0-1

[Event "SWE-chT 1920 Superettan"]
[Site "Sweden"]
[Date "2020.02.29"]
[Round "6"]
[White "Bjorkeroth, Johan"]
[Black "Mohammadi, Amir"]
[Result "0-1"]
[WhiteElo "2147"]
[BlackElo "2294"]
[PlyCount "96"]
[EventDate "2019.10.18"]
[EventType "team-tourn"]
[EventRounds "9"]
[EventCountry "SWE"]
[SourceTitle "EXT 2023"]
[Source "ChessBase"]
[SourceDate "2022.10.05"]
[SourceVersion "1"]
[SourceVersionDate "2022.10.05"]
[SourceQuality "1"]
[WhiteTeam "Norrkoping Schack 08"]
[BlackTeam "Kamraterna"]
[WhiteTeamCountry "SWE"]
[BlackTeamCountry "SWE"]

1. e4 c5 2. Nc3 Nc6 3. g3 g6 4. Bg2 Bg7 5. d3 d6 6. Nge2 Rb8 7. 0-0 b5 8. a3 e6 9. Be3 Nd4 10. Qd2 Ne7 11. Rab1 0-0 12. Nd1 Nec6 13. Nxd4 cxd4 14. Bh6 Bxh6 15. Qxh6 b4 16. axb4 Nxb4 17. Rc1 Ba6 18. Qd2 Qb6 19. f4 f5 20. Nf2 Rbc8 21. g4 Rc7 22. exf5 exf5 23. Kh1 Bb7 24. Rg1 Nd5 25. gxf5 Rxf5 26. Ng4 Kg7 27. Be4 Ne3 28. c3 Rxf4 29. Nxe3 dxe3 30. Qg2 Rxe4 31. dxe4 Re7 32. Qg5 Bxe4+ 33. Rg2 Re5 34. Qg4 Bxg2+ 35. Qxg2 e2 36. Re1 Qxb2 37. Qc6 Qd2 38. Qd7+ Kh6 39. Qh3+ Rh5 40. Qg3 Qd5+ 41. Qg2 Qxg2+ 42. Kxg2 Re5 43. Kf3 a5 44. Kf4 a4 45. c4 Re7 46. h4 a3 47. c5 dxc5 48. h5 g5+ 0-1

[Event "SWE-chT 1920 Superettan"]
[Site "Sweden"]
[Date "2020.02.01"]
[Round "5"]
[White "Agrest, Inna"]
[Black "Bjorkeroth, Johan"]
[Result "1-0"]
[WhiteElo "2320"]
[BlackElo "2147"]
[PlyCount "121"]
[EventDate "2019.10.18"]
[EventType "team-tourn"]
[EventRounds "9"]
[EventCountry "SWE"]
[SourceTitle "EXT 2023"]
[Source "ChessBase"]
[SourceDate "2022.10.05"]
[SourceVersion "1"]
[SourceVersionDate "2022.10.05"]
[SourceQuality "1"]
[WhiteTeam "Pelaro Alingsas"]
[BlackTeam "Norrkoping Schack 08"]
[WhiteTeamCountry "SWE"]
[BlackTeamCountry "SWE"]

1. e4 c6 2. d4 d5 3. f3 e5 4. dxe5 Bc5 5. Nc3 Qb6 6. Na4 Bf2+ 7. Ke2 Qd4 8. Qxd4 Bxd4 9. exd5 Bxe5 10. dxc6 Nxc6 11. c3 Nge7 12. Nc5 0-0 13. g3 Nd5 14. Kf2 Bc7 15. Bc4 Nce7 16. Kg2 a6 17. Ne2 Rd8 18. Nd4 Bb6 19. Ncb3 Nf5 20. Re1 Nxd4 21. Nxd4 Bxd4 22. cxd4 Be6 23. Bg5 Rd6 24. Bb3 h6 25. Bd2 Rc8 26. Rac1 Rdc6 27. Rxc6 Rxc6 28. Kf2 Nc7 29. Bxe6 fxe6 30. Rc1 Rxc1 31. Bxc1 Nd5 32. Ke2 Kf7 33. Bd2 b5 34. Kd3 h5 35. Ke4 Ke7 36. Ke5 Nb6 37. Bb4+ Kd7 38. b3 Nd5 39. Bd2 Ke7 40. h3 Kd7 41. g4 Nf6 42. Bg5 hxg4 43. fxg4 Nd5 44. Bd2 Ne7 45. Ke4 Nd5 46. Ke5 Ne7 47. a3 Ng6+ 48. Ke4 Kc6 49. Bg5 Nf8 50. Ke5 Kd7 51. h4 Nh7 52. Bd2 Nf6 53. g5 Nh5 54. Be1 Ke7 55. Bb4+ Kd7 56. Bd2 Ke7 57. d5 exd5 58. Kxd5 Kd7 59. Kc5 Kc7 60. Bc3 Nf4 61. Be5+ 1-0

[Event "Gothenburg Kvibergspelen 09"]
[Site "Gothenburg"]
[Date "2019.09.28"]
[Round "5"]
[White "Bjorkeroth, Johan"]
[Black "Torngren, Gustav"]
[Result "0-1"]
[WhiteElo "2147"]
[BlackElo "2227"]
[PlyCount "84"]
[EventDate "2019.09.27"]
[EventType "swiss"]
[EventRounds "8"]
[EventCountry "SWE"]
[SourceTitle "EXT 2020"]
[Source "ChessBase"]
[SourceDate "2019.10.17"]
[SourceVersion "1"]
[SourceVersionDate "2019.10.17"]
[SourceQuality "1"]

1. e4 c5 2. Nc3 Nc6 3. g3 g6 4. Bg2 Bg7 5. d3 d6 6. Nge2 e6 7. 0-0 Nge7 8. Be3 Nd4 9. Qd2 h5 10. h3 0-0 11. Nd1 b6 12. Nc1 Ba6 13. c3 Ndc6 14. Bh6 d5 15. Bxg7 Kxg7 16. exd5 Nxd5 17. Ne3 Nde7 18. Rd1 Qd6 19. Ne2 Rad8 20. Nf4 Rd7 21. Qe2 Rfd8 22. Nc4 Bxc4 23. dxc4 Qxd1+ 24. Rxd1 Rxd1+ 25. Kh2 R1d2 26. Qe3 Rxb2 27. g4 hxg4 28. hxg4 Rdd2 29. Nd3 Rxa2 30. g5 Kg8 31. Bxc6 Nxc6 32. Qf3 Rac2 33. Qxc6 Rxd3 34. Qc8+ Kg7 35. Kg1 Rd1+ 36. Kg2 Rdd2 37. Qc7 Rxf2+ 38. Kg1 Rfd2 39. Qe5+ Kh7 40. Qe1 Rg2+ 41. Kh1 Rh2+ 42. Kg1 Rcg2+ 0-1

[Event "Gothenburg Kvibergspelen 09"]
[Site "Gothenburg"]
[Date "2019.09.27"]
[Round "3"]
[White "Bjorkeroth, Johan"]
[Black "Sorensen, Hampus"]
[Result "0-1"]
[WhiteElo "2147"]
[BlackElo "2319"]
[PlyCount "76"]
[EventDate "2019.09.27"]
[EventType "swiss"]
[EventRounds "8"]
[EventCountry "SWE"]
[SourceTitle "EXT 2020"]
[Source "ChessBase"]
[SourceDate "2019.10.17"]
[SourceVersion "1"]
[SourceVersionDate "2019.10.17"]
[SourceQuality "1"]

1. e4 e5 2. Nf3 Nc6 3. Nc3 Nf6 4. d4 exd4 5. Nxd4 Bc5 6. Be3 Bb6 7. Be2 d6 8. Nxc6 bxc6 9. Bd4 Qe7 10. 0-0 0-0 11. Bf3 Nd7 12. g3 Rb8 13. b3 Nc5 14. Bxc5 Bxc5 15. Na4 Bb6 16. Nxb6 axb6 17. Re1 Qe5 18. Bg4 Ra8 19. Bxc8 Rfxc8 20. a4 Re8 21. Qd3 Ra5 22. b4 Ra7 23. Qc4 c5 24. c3 Rea8 25. f4 Qh5 26. Qd5 Qxd5 27. exd5 Kf8 28. a5 cxb4 29. cxb4 bxa5 30. bxa5 Rxa5 31. Rac1 Rc5 32. Rxc5 dxc5 33. Kf2 Rd8 34. Rd1 Ke7 35. Ke3 Kd6 36. h4 Ra8 37. Rd3 h5 38. Ke4 Ra4+ 0-1

[Event "SWE-chT 1819 Elite"]
[Site "Sweden"]
[Date "2018.11.10"]
[Round "2.3"]
[White "Lindgren, Mats"]
[Black "Bjorkeroth, Johan"]
[Result "1/2-1/2"]
[WhiteElo "2153"]
[BlackElo "2104"]
[PlyCount "53"]
[EventDate "2018.11.09"]
[EventType "team-tourn"]
[EventRounds "9"]
[EventCountry "SWE"]
[SourceTitle "CBM 187 Extra"]
[Source "ChessBase"]
[SourceDate "2018.11.04"]
[SourceVersion "1"]
[SourceVersionDate "2018.11.04"]
[SourceQuality "1"]
[WhiteTeam "Umea Rockaden"]
[BlackTeam "Norrkoping Schack 08"]
[WhiteTeamCountry "SWE"]
[BlackTeamCountry "SWE"]

1. e4 c6 2. d4 d5 3. e5 Bf5 4. c4 e6 5. Nc3 f6 6. Nf3 Bg4 7. cxd5 exd5 8. Be2 Nd7 9. 0-0 Qe7 10. Bf4 Bxf3 11. Bxf3 fxe5 12. dxe5 Nb6 13. Re1 g6 14. a4 Rd8 15. a5 Na8 16. Qa4 Qb4 17. Bg5 Qxa4 18. Rxa4 Be7 19. Be3 a6 20. Ne2 h5 21. Nf4 Kf7 22. Bd4 Rh6 23. g3 Nc7 24. Bb6 Rc8 25. Bg2 g5 26. Bh3 g4 27. Bg2 1/2-1/2

[Event "Gothenburg Kvibergspelen"]
[Site "Gothenburg"]
[Date "2017.05.05"]
[Round "2"]
[White "Tikkanen, Hans"]
[Black "Bjorkeroth, Johan"]
[Result "1-0"]
[WhiteElo "2504"]
[BlackElo "2064"]
[PlyCount "45"]
[EventDate "2017.05.05"]
[EventType "swiss"]
[EventRounds "8"]
[EventCountry "SWE"]
[SourceTitle "CBM 178 Extra"]
[Source "ChessBase"]
[SourceDate "2017.06.22"]
[SourceVersion "1"]
[SourceVersionDate "2017.06.22"]
[SourceQuality "1"]

1. d4 Nf6 2. Nf3 e6 3. Bf4 b6 4. e3 Bb7 5. Bd3 Be7 6. h3 d5 7. Nbd2 a6 8. c3 c5 9. Ne5 Nc6 10. 0-0 0-0 11. Re1 b5 12. Qe2 Qa5 13. dxc5 b4 14. Nb3 Qa4 15. Nxc6 Bxc6 16. cxb4 Qxb4 17. Bxa6 Ne4 18. Nd4 Qa4 19. Bd3 Nxc5 20. b3 Qa3 21. Nxc6 Bf6 22. Be5 Bxe5 23. Bxh7+ 1-0

[Event "Gothenburg op"]
[Site "Gothenburg"]
[Date "2012.08.12"]
[Round "3"]
[White "Persson, Borje"]
[Black "Bjorkeroth, Johan"]
[Result "0-1"]
[WhiteElo "1866"]
[BlackElo "1866"]
[PlyCount "66"]
[EventDate "2012.08.11"]
[EventType "swiss"]
[EventRounds "9"]
[EventCountry "SWE"]
[SourceTitle "CBM 149 Extra"]
[Source "ChessBase"]
[SourceDate "2012.08.24"]
[SourceVersion "1"]
[SourceVersionDate "2012.08.24"]
[SourceQuality "1"]

1. e4 e5 2. Nf3 Nc6 3. Bb5 a6 4. Ba4 Nf6 5. 0-0 b5 6. Bb3 Bb7 7. c3 Nxe4 8. d4 exd4 9. Re1 d5 10. Nxd4 Ne7 11. f3 Nd6 12. f4 Qd7 13. a4 Ne4 14. axb5 axb5 15. Rxa8+ Bxa8 16. Nxb5 Nf5 17. Nd4 Bc5 18. Ba4 Bc6 19. Bxc6 Qxc6 20. Be3 Bxd4 21. Bxd4 0-0 22. Nd2 Nfd6 23. Nxe4 Nxe4 24. Qg4 f6 25. g3 Kh8 26. Qe2 Qa4 27. Qd1 Qb5 28. Qe2 Qa4 29. Qd1 Qa2 30. Qa1 Qc4 31. Qd1 c5 32. Bf2 Rb8 33. Qe2 Qa2 0-1